000
00284nam a2200109Ia 4500
008
230907s9999||||xx |||||||||||||| ||und||
082
_a
697
_b
BUR
100
_a
Burroughs, H.E.
_9
118040
245
_a
Managing indoor air quality /
_c
Burroughs.
260
_c
2019-09-27
942
_2
ddc
_c
EB
999
_c
599653
_d
599653